Playable Characters in Fire Emblem Engage - Statistics

General Stats
  • This quiz has been taken 42 times
    33 since last reset
  • The average score is 36 of 41
Answer Stats
Answer % Correct
Alear
100%
Alfred
100%
Framme
100%
Alcryst
95%
Céline
95%
Chloé
95%
Clanne
95%
Diamant
95%
Etie
95%
Ivy
95%
Vander
95%
Anna
90%
Boucheron
90%
Citrinne
90%
Hortensia
90%
Kagetsu
90%
Louis
90%
Madeline
90%
Amber
86%
Bunet
86%
Fogado
86%
Goldmary
86%
Jade
86%
Jean
86%
Lapis
86%
Lindon
86%
Merrin
86%
Pandreo
86%
Panette
86%
Saphir
86%
Timerra
86%
Veyle
86%
Zelestia
86%
Zelkov
86%
Gregory
81%
Mauvier
81%
Nel
81%
Rafal
81%
Rosado
81%
Seadall
81%
Yunaka
81%
No matching quizzes found
Score Distribution
Percent of People with Each Score
Percentile by Number Answered
Your Score History
You have not taken this quiz since the last reset